|
|
|
|
| LEADER |
00000nab a2200000 a 4500 |
| 001 |
vtls011114180 |
| 003 |
SK-MaSNL |
| 005 |
20260303143712.0 |
| 008 |
230222|2005 xo |||||||||||||||||cze| |
| 015 |
|
|
|a SNBRB
|
| 035 |
|
|
|a (uuid)5b71337c-fc3e-4526-bf28-bb1b5df1644e
|
| 035 |
|
|
|a (urnnbn)urn:nbn:sk:snk:ar-a08id4
|
| 035 |
|
|
|a urn:nbn:sk:snk-ab9koo
|
| 040 |
|
|
|a SNKBUCL
|b slo
|c SNKBUCL
|e AACR2
|
| 041 |
0 |
|
|a cze
|
| 044 |
|
|
|a xo
|c SK
|
| 100 |
1 |
|
|a Krónerová, Eva
|4 aut
|9 1164753
|
| 245 |
1 |
0 |
|a NÁVRH A ANALÝZA DYNAMICKÉHO CHOVÁNÍ SPOJKY V SOFTWARU AMESim
|c Eva Krónerová
|
| 773 |
0 |
|
|t Acta Mechanica Slovaca
|g Roč. 9, č. 3-B (2005), s. 129-132
|
| 958 |
|
|
|a OND
|
| 958 |
|
|
|a EUIPO
|
| 958 |
|
|
|a article13
|
| 999 |
|
|
|c 1991821
|d 1993751
|